| 000 | 00506nam a2200181Ia 4500 | ||
|---|---|---|---|
| 003 | GCL | ||
| 008 | 140319s9999 xx 000 0 ara d | ||
| 040 |
_aGCL / _cGCL |
||
| 082 | 0 | 4 |
_aق _b398.2 _bش م |
| 100 | 1 | _aشفيق خالد | |
| 245 | 1 | 0 |
_aموال للبحيرة (هدية من الاديب عبدالفتاح الجمل) / _cشفيق خالد |
| 300 | _aمتعدد | ||
| 490 | _a | ||
| 650 | 0 | 4 | _aتاريخ |
| 650 | 0 | 4 | _aالادب الشعبى |
| 650 | 0 | 4 | _aالبحيرة |
| 942 |
_2ddc _cBK |
||
| 999 |
_c39292 _d39292 |
||